000
00328nam a22001457a 4500
003
SGT
020
_a
8122002714
082
_a
320.954
_b
S92S
100
_a
SURYANARAYAN, V.
245
_a
SOUTH AND SOUTHEST ASIA ON 1990S
260
_b
KONARK PUBLISHERS
_c
1992
300
_a
182
650
_a
POLITICAL SCIENCE
942
_2
ddc
_c
BK
999
_c
27231
_d
27231